5HLuxD.jpg

KING HENRY VIII SENIOR AND PRIMARY SCHOOL LIBRARY OPAC

The Story of Heidi / (Record no. 5668)

000 -LEADER
fixed length control field 00969nam a22002537a 4500
003 - CONTROL NUMBER IDENTIFIER
control field OSt
005 - DATE AND TIME OF LATEST TRANSACTION
control field 20251013161041.0
008 - FIXED-LENGTH DATA ELEMENTS--GENERAL INFORMATION
fixed length control field 251013b ||||| |||| 00| 0 eng d
020 ## - INTERNATIONAL STANDARD BOOK NUMBER
International Standard Book Number 9781474915083
Qualifying information book set
040 ## - CATALOGING SOURCE
Transcribing agency KH8
082 ## - DEWEY DECIMAL CLASSIFICATION NUMBER
Classification number FIC SPY
100 ## - MAIN ENTRY--PERSONAL NAME
Personal name Spyri, Johanna,
Relator term author.
245 ## - TITLE STATEMENT
Title The Story of Heidi /
Statement of responsibility, etc. Johanna Spyri ; illustrated by Alan Marks.
260 ## - PUBLICATION, DISTRIBUTION, ETC.
Place of publication, distribution, etc. England ;
Name of publisher, distributor, etc. Usborne Publishing Ltd ,
Date of publication, distribution, etc. 2006.
300 ## - PHYSICAL DESCRIPTION
Extent 63 pages :
Other physical details colour illustrations ;
Dimensions 20 cm.
490 ## - SERIES STATEMENT
Series statement Usborne Young Reading
Volume/sequential designation series two
520 ## - SUMMARY, ETC.
Summary, etc. Heide loves living with her grandfather, high in the mountains. But then her aunt arrives to drag her off to the stifling city. "I'll never forget Grandfather," Heidi promises herself. "One day I'll come back to him."
650 ## - SUBJECT ADDED ENTRY--TOPICAL TERM
Topical term or geographic name entry element Easy reading
Form subdivision fiction
650 ## - SUBJECT ADDED ENTRY--TOPICAL TERM
Topical term or geographic name entry element Story book
Form subdivision fiction
650 ## - SUBJECT ADDED ENTRY--TOPICAL TERM
Topical term or geographic name entry element Young readers
700 ## - ADDED ENTRY--PERSONAL NAME
Personal name Marks, Alan,
Relator term illustrator.
830 ## - SERIES ADDED ENTRY--UNIFORM TITLE
Uniform title Usborne Young Reading
942 ## - ADDED ENTRY ELEMENTS (KOHA)
Source of classification or shelving scheme
Koha item type Books - Fiction
Holdings
Withdrawn status Lost status Source of classification or shelving scheme Damaged status Not for loan Collection code Permanent Location Current Location Shelving location Date acquired Full call number Barcode Date last seen Price effective from Koha item type
          Fiction KH8 Senior School Library KH8 Senior School Library Staff Office 2025-10-13 FIC SPY BRKHSL000082 2025-10-13 2025-10-13 Books - Fiction

Powered By KH8 IT Dept